| 000 | 00000nam 2200000zi 4500 |
| 001 | 9.944621 |
| 003 | CaOODSP |
| 005 | 20241029162902 |
| 006 | m o d f |
| 007 | cr mn||||||||| |
| 008 | 241029r19781965oncb ob f000 0 eng d |
| 020 | |a0662100417|qprint |
| 040 | |aCaOODSP|beng|erda|cCaOODSP |
| 043 | |an-cn--- |
| 086 | 1 |aEn63-1/1978E-PDF|zEn63-1/1970 |
| 245 | 04|aThe Canada Land Inventory : |bobjectives, scope and organization. |
| 250 | |aReprint 1978. |
| 264 | 1|a[Ottawa] : |bEnvironment Canada, Lands Directorate = Environnement Canada, Direction générale des terres, |c[1978] |
| 264 | 4|c©1978 |
| 300 | |a1 online resource (iv, 61 pages) : |bmap. |
| 336 | |atext|btxt|2rdacontent |
| 337 | |acomputer|bc|2rdamedia |
| 338 | |aonline resource|bcr|2rdacarrier |
| 490 | 1 |aReport, |x0068-7693 ; |vno. 1 |
| 500 | |aISSN of series supplied from ISSN Portal. |
| 500 | |aDigitized edition from print [produced by Environment and Climate Change Canada]. |
| 504 | |aIncludes bibliographical references. |
| 520 | |a"The Canada Land Inventory is a comprehensive survey of land capability and use designed to provide a basis for resource and land use planning. It includes assessments of land capability for agriculture, forestry, recreation, wildlife, present land use, and pilot land use planning projects in each province. It was undertaken as a co-operative federal-provincial program and is administered under the Agricultural Rehabilitation and Development Act (ARDA) of June, 1961"--Page 1. |
| 650 | 0|aLand use|zCanada|xClassification. |
| 650 | 6|aUtilisation du sol|zCanada|xClassification. |
| 710 | 2 |aCanada Land Inventory, |eissuing body. |
| 710 | 1 |aCanada. |bLands Directorate, |eissuing body. |
| 795 | |tThe Canada Land Inventory : |w(CaOODSP)9.867754 |
| 830 | #0|aReport (Canada Land Inventory)|vno. 1.|w(CaOODSP)9.867764 |
| 856 | 40|qPDF|s5117 KB|uhttps://publications.gc.ca/collections/collection_2024/eccc/En63-1-1978-eng.pdf |